• 首页
  • 本馆介绍
  • 公告通知
  • 最新文献
  • 馆藏检索
  • 电子资源
  • 读者导购
  • 参考咨询
  • 我的图书馆
  • 登录
  • 详细信息显示
  • 放入我的书架
  • 预约/预借图书
  • 作者相关作品
  • 分类相关作品
  • 丛书相关作品
  • 出版社相关作品

书目信息

  • 表格格式
  • 工作单格式
  • 卡片格式
题名:
国际资本形成与经济发展
    
 
作者: 叶初升 著
分册:  
出版信息: 北京   人民出版社  2004
页数: 405页
开本: 21cm
丛书名: 金融与经济发展研究文丛
单 册:
中图分类: F112.1
科图分类:
主题词: 国际金融--资本市场--影响--发展中国家--经济发展
电子资源:
ISBN: 7-01-004149-0
000 01350nam0 2200349 450
000 01313nam0 2200337 450
000 01294nam0 2200337 450
000 01257nam0 2200325 450
000 01253nam0 2200313 450
000 01216nam0 2200301 45
001 TS2006000201
005 20070115155110.87
010    @a7-01-004149-0@dCNY26.00
092    @aCN@bTS01-000236
100    @a20060829d2004 kemy0chiy0110 ea
101 0  @achi@eeng
102    @aCN@b110000
105    @ay z 000yy
200 1  @a国际资本形成与经济发展@AGuo Ji Zi Ben Xing Cheng Yu Jing Ji Fa Zhan@f叶初升著@FYe Chu Sheng Zhu
210    @a北京@c人民出版社@d2004
215    @a405页@d21cm
225 2  @a金融与经济发展研究文丛
330    @a本书以资本形成理论为研究的逻辑起点,在“全球经济”的思维层面上把发展经济学理论与国际经济学理论结合起来,考察和分析了在当今国际背景下发展中国家的国际资本形成及其经济绩效与金融风险问题等。
410  0 @12001 @a金融与经济发展研究文丛
510 1  @aInternational Capital Formation and Economic Development@zeng
606 0  @a国际金融@x资本市场@x影响@x发展中国家@x经济发展
690    @aF112.1@v4
701  0 @a叶初升@AYe Chu Sheng@4著
801  0 @aCN@b中图数据@c20070115
905    @a10447@dF112.1@e111
    
    国际资本形成与经济发展/叶初升著.-北京:人民出版社,2004
    405页;21cm.-(金融与经济发展研究文丛)
    
    
    ISBN 7-01-004149-0:CNY26.00
    本书以资本形成理论为研究的逻辑起点,在“全球经济”的思维层面上把发展经济学理论与国际经济学理论结合起来,考察和分析了在当今国际背景下发展中国家的国际资本形成及其经济绩效与金融风险问题等。
●
相关链接 在E读中查询图书 在五车中查询图书 在当当中查询图书 在豆瓣中查询图书


正题名:国际资本形成与经济发展     索取号:F112.1/111         预约/预借

序号 登录号 条形码 馆藏地/架位号 状态 备注
1 0608775   206087759   第一样本阅览室/ [索取号:F112.1/111] 在馆    
2 0608776   206087768   第一借阅区/ [索取号:F112.1/111] 在馆    
3 0608777   206087777   第一借阅区/ [索取号:F112.1/111] 在馆    
唐山师范学院图书馆 欢迎您!
大连网信软件有限公司© 版权所有